Software Testing (Record no. 8484)
[ view plain ]
| 000 -LEADER | |
|---|---|
| fixed length control field | 00405nam a22001217a 4500 |
| 008 - FIXED-LENGTH DATA ELEMENTS--GENERAL INFORMATION | |
| fixed length control field | 200219b ||||| |||| 00| 0 eng d |
| 020 ## - INTERNATIONAL STANDARD BOOK NUMBER | |
| International Standard Book Number | 9780199465873 |
| 082 ## - | |
| Classification number | 005.14 CHS |
| 100 ## - MAIN ENTRY--PERSONAL NAME | |
| Personal name | Chauhan, Naresh |
| 245 ## - TITLE STATEMENT | |
| Title | Software Testing |
| Remainder of title | Principles & Practices |
| Medium | English |
| Number of part/section of a work | Paperback: 560 pages |
| Name of part/section of a work | Dimensions: 20.3 x 25.4 x 4.7 cm |
| 250 ## - EDITION STATEMENT | |
| Edition statement | 2nd |
| Remainder of edition statement | December 2016 |
| 260 ## - PUBLICATION, DISTRIBUTION, ETC. (IMPRINT) | |
| Place of publication, distribution, etc | New Delhi |
| Name of publisher, distributor, etc | OXFORD Unviersity Press |
| Withdrawn status | Lost status | Source of classification or shelving scheme | Damaged status | Koha normalized classification for sorting | Not for loan | Koha collection | Location (home branch) | Sublocation or collection (holding branch) | Date acquired | Source of acquisition | Currency | Cost, normal purchase price | Bill Number | Koha issues (times borrowed) | Koha full call number | Piece designation (barcode) | Koha date last seen | Koha date last borrowed | Copy number | Actual Cost, discounted price | Bill Date | Koha item type |
|---|---|---|---|---|---|---|---|---|---|---|---|---|---|---|---|---|---|---|---|---|---|---|
| Dewey Decimal Classification | 005_140000000000000_CHS | B.Tech(CSE) | PIET C-LIBRARY | PIET C-LIBRARY | 19/02/2020 | KIRTI PRAKASHAN NEW DELHI | IN Rupees | 810.00 | IN5960 | 1 | 005.14 CHS | 31660 | 15/05/2024 | 15/05/2024 | 1 | 550.50 | 03/01/2020 | Reference Books |